Dopady fluktuácie na podnik a jednotlivca

Základné informácie pre manažérov stretávajúcich sa s fluktuáciou zamestnancov. Výpočet miery fluktuácie. Príčiny a dôsledky fluktuácie.

Guardado en:
Detalles Bibliográficos
Autor principal: Kováčiková, Kristína
Formato: Capítulo de libro
Lenguaje:eslovaco
Materias:
Etiquetas: Agregar Etiqueta
Sin Etiquetas, Sea el primero en etiquetar este registro!

MARC

LEADER 00000nla a2200000 4500
001 0238138
005 20240502073841.7
041 0 |a slo 
044 |a SK 
245 1 0 |a Dopady fluktuácie na podnik a jednotlivca  |c Kristína Kováčiková 
520 |a Základné informácie pre manažérov stretávajúcich sa s fluktuáciou zamestnancov. Výpočet miery fluktuácie. Príčiny a dôsledky fluktuácie. 
610 2 0 |a zdroje ľudské 
610 2 0 |a fluktuácia 
610 2 0 |a vplyvy na prácu 
610 2 0 |a zamestnávatelia 
610 2 0 |a organizácie 
100 1 |a Kováčiková, Kristína